000 00324pab a2200145 454500
008 180718b1987 xxu||||| |||| 00| 0 eng d
100 _aRao, T.V.
245 _aTheorisations on leadership
260 _c1987
300 _a12-15
362 _aJuly
650 _aLeadership
773 _aIndian Management
909 _a12386
999 _c12386
_d12386